Concepts in Strategic management and Business Policy (Record no. 225451)

MARC details
000 -LEADER
fixed length control field 00517nam a2200205Ia 4500
008 - FIXED-LENGTH DATA ELEMENTS--GENERAL INFORMATION
fixed length control field 240823s9999||||xx |||||||||||||| ||und||
020 ## - INTERNATIONAL STANDARD BOOK NUMBER
International Standard Book Number 81-7808-602-6
082 ## - DEWEY DECIMAL CLASSIFICATION NUMBER
-- 658.4012 Q0
100 ## - MAIN ENTRY--PERSONAL NAME
Personal name "Wheelen,Thomas L"
245 #0 - TITLE STATEMENT
Title Concepts in Strategic management and Business Policy
250 ## - EDITION STATEMENT
Edition statement 12th
260 ## - PUBLICATION, DISTRIBUTION, ETC. (IMPRINT)
Date of publication, distribution, etc 2010
Name of publisher, distributor, etc "Pearson,"
500 ## - GENERAL NOTE
General note YES
650 ## - SUBJECT ADDED ENTRY--TOPICAL TERM
Topical term or geographic name as entry element Business
700 ## - ADDED ENTRY--PERSONAL NAME
Personal name " Hunger,David J"
942 ## - ADDED ENTRY ELEMENTS (KOHA)
Item type Books
Holdings
Withdrawn status Lost status Damaged status Permanent location Current location Date acquired Source of acquisition Full call number Barcode Date last seen Koha item type
      CENTRAL LIBRARY, NOORUL ISLAM CENTRE FOR HIGHER EDUCATION CENTRAL LIBRARY, NOORUL ISLAM CENTRE FOR HIGHER EDUCATION 01/07/2017 "Book On Wheels, Tirunelveli" 658.4012 Q0 74166 08/23/2024 Books
Visitors:
Copyright © 2024 Central Library NICHE.  All rights reserved.